¿Crisis del marxismo? / (Record no. 105932)

MARC details
000 -LEADER
campo de control de longitud fija 00670nam a2200241 i 4500
001 - NÚMERO DE CONTROL
campo de control 105932
003 - IDENTIFICADOR DE NÚMERO DE CONTROL
campo de control ES-MaACL
007 - CAMPO FIJO DE DESCRIPCIÓN FÍSICA--INFORMACIÓN GENERAL
campo de control de longitud fija t|
008 - DATOS DE LONGITUD FIJA--INFORMACIÓN GENERAL
campo de control de longitud fija 060913s1978 sp ||||1| spa d
020 ## - NÚMERO INTERNACIONAL ESTÁNDAR DEL LIBRO
Número Internacional Estándar del Libro 84-85730-01-1
080 ## - NÚMERO DE LA CLASIFICACIÓN DECIMAL UNIVERSAL
Número de la Clasificación Decimal Universal 330.852
080 ## - NÚMERO DE LA CLASIFICACIÓN DECIMAL UNIVERSAL
Número de la Clasificación Decimal Universal 141.82
245 01 - MENCIÓN DEL TÍTULO
Título ¿Crisis del marxismo? /
Mención de responsabilidad, etc. L. Colletti... [et al.].
260 ## - PUBLICACIÓN, DISTRIBUCIÓN, ETC.
Lugar de publicación, distribución, etc. Barcelona :
Nombre del editor, distribuidor, etc. Ediciones 2001,
Fecha de publicación, distribución, etc. [1978?]
300 ## - DESCRIPCIÓN FÍSICA
Extensión 118 p. ;
Dimensiones 18 cm.
490 1# - MENCIÓN DE SERIE
Mención de serie El Viejo topo ;
Designación de volumen o secuencia 4
500 ## - NOTA GENERAL
Nota general Biblioteca Juan Andrade.
650 14 - PUNTO DE ACCESO ADICIONAL DE MATERIA--TÉRMINO DE MATERIA
Término de materia o nombre geográfico como elemento de entrada Marxismo.
9 (RLIN) 14803
700 1# - ENTRADA AGREGADA--NOMBRE PERSONAL
Nombre de persona Colletti, Lucio.
9 (RLIN) 39697
830 0# - PUNTO DE ACCESO ADICIONAL DE SERIE-TÍTULO UNIFORME
Título uniforme El Viejo topo ;
Designación de volumen o secuencia 4
9 (RLIN) 183477
852 ## - LOCALIZACIÓN
Ubicación ES-MaACL
Número de control de estantería AND-886
Sublocalización o colección R.110174
Holdings
Estatus retirado Estado de pérdida Estado de daño No para préstamo Biblioteca de origen Biblioteca actual Ubicación en estantería Fecha de adquisición Fuente de adquisición Total de préstamos Signatura topográfica completa Código de barras Visto por última vez Precio de reemplazo Tipo de ítem Koha
        Biblioteca del Ateneo de Madrid Biblioteca del Ateneo de Madrid Depósito 2 17/01/2008     AND-886 1110594 23/02/2023 23/02/2023 Libro impreso